[Event "GER-ch Seniors Gp-B 18th"]
[Site "Dresden"]
[Date "2006.07.30"]
[Round "9"]
[White "Sotter, Gerlinde"]
[Black "Gabriel, Wolfram"]
[Result "1-0"]
[WhiteElo "1633"]
[BlackElo "1513"]
[PlyCount "129"]
[EventDate "2006.07.22"]
[EventType "swiss"]
[EventRounds "9"]
[EventCountry "GER"]
[SourceTitle "EXT 2022"]
[Source "ChessBase"]
[SourceDate "2021.10.06"]
[SourceVersion "1"]
[SourceVersionDate "2021.10.06"]
[SourceQuality "1"]

1. Nf3 d5 2. d4 Nf6 3. c4 e6 4. Nc3 b6 5. cxd5 exd5 6. e3 Bb7 7. Be2 Be7 8. 0-0 0-0 9. Qc2 Nbd7 10. b3 Ne4 11. Bb2 Ndf6 12. Rfd1 a6 13. Nxe4 Nxe4 14. Rac1 Bd6 15. Bd3 Re8 16. Qe2 Qf6 17. Nd2 Bxh2+ 18. Kxh2 Nxf2 19. Rf1 Qh6+ 20. Kg1 Nxd3 21. Qxd3 Rxe3 22. Qf5 Qe6 23. Qxe6 Rxe6 24. Rxc7 Bc8 25. Rfxf7 Rg6 26. Rfe7 Bh3 27. Re2 Rf8 28. Ba3 Rd8 29. Rf2 h6 30. Kf1 Bg4 31. Nf3 Bxf3 32. Rxf3 Kh7 33. Rf4 Re8 34. Kf2 a5 35. Rd7 Rc8 36. Kg1 Rg5 37. Rd6 b5 38. Bc5 Ra8 39. Kf2 b4 40. g4 a4 41. Bxb4 axb3 42. axb3 Rb8 43. Bd2 Rxb3 44. Be3 Rb5 45. Kf3 Ra5 46. Rf7 Rg6 47. Rfd7 Rxd6 48. Rxd6 g5 49. Rc6 Ra7 50. Bd2 Rb7 51. Ke2 Kg7 52. Kd3 Rb3+ 53. Rc3 Rb7 54. Rc5 Rd7 55. Kc3 Rd6 56. Kb4 Kg6 57. Kb5 h5 58. gxh5+ Kxh5 59. Rc6 Rd8 60. Kc5 Kh4 61. Rg6 g4 62. Bg5+ Kh5 63. Bxd8 Kxg6 64. Bh4 Kf5 65. Kxd5 1-0